The effects of economic news on commodity prices is gold just another commodity? /

Bibliographic Details
Main Author: Roache, Shaun K.
Corporate Authors: International Monetary Fund. Research Dept., ProQuest (Firm)
Other Authors: Rossi, Marco.
Format: Electronic eBook
Language:English
Published: Washington, DC : International Monetary Fund, Research dept., 2009.
Series:IMF working paper ; WP/09/140.
Subjects:
Online Access:Click to View
LEADER 01457nam a2200385Ia 4500
001 EBC1608355
003 MiAaPQ
005 20200520144314.0
006 m o d |
007 cr cn|||||||||
008 090818s2009 dcud sb i000 0 eng d
035 |a (MiAaPQ)EBC1608355 
035 |a (Au-PeEL)EBL1608355 
035 |a (CaPaEBR)ebr10368579 
035 |a (CaONFJC)MIL284354 
035 |a (OCoLC)870245393 
040 |a MiAaPQ  |c MiAaPQ  |d MiAaPQ 
050 4 |a HG289  |b .R633 2009 
100 1 |a Roache, Shaun K. 
245 1 4 |a The effects of economic news on commodity prices  |h [electronic resource] :  |b is gold just another commodity? /  |c Shaun K. Roache, Marco Rossi. 
260 |a Washington, DC :  |b International Monetary Fund, Research dept.,  |c 2009. 
300 |a 28 p. :  |b charts. 
490 1 |a IMF working paper ;  |v WP/09/140 
500 |a "July 2009". 
504 |a Includes bibliographic references. 
533 |a Electronic reproduction. Ann Arbor, MI : ProQuest, 2015. Available via World Wide Web. Access may be limited to ProQuest affiliated libraries. 
650 0 |a Gold. 
650 0 |a Macroeconomics. 
650 0 |a Foreign exchange rates. 
655 4 |a Electronic books. 
700 1 |a Rossi, Marco. 
710 2 |a International Monetary Fund.  |b Research Dept. 
710 2 |a ProQuest (Firm) 
830 0 |a IMF working paper ;  |v WP/09/140. 
856 4 0 |u https://ebookcentral.proquest.com/lib/matrademy/detail.action?docID=1608355  |z Click to View